Paroles chanson Tombé pour la France, d'Étienne Daho - Statistiques

Statistiques générales
  • Ce quiz a été pris 14 fois
  • Le résultat moyen est 162 sur 224
Statistiques - réponses
Réponse % Correct
à
100%
À
100%
ai
100%
c'
100%
C'
100%
es
100%
est
100%
j'
100%
J'
100%
Je
100%
je
100%
Pour
100%
pour
100%
t'
100%
tu
100%
Ce
92%
cette
92%
d'
92%
di-
92%
la
92%
92%
m'
92%
n'
92%
ne
92%
pas
92%
Qu'
92%
que
92%
Si
92%
Sur
92%
sur
92%
tombé
92%
ça
83%
France
83%
le
83%
nus
83%
Se
83%
te
83%
toi
83%
un
83%
bien
75%
de
75%
des
75%
faire
75%
Me
75%
moi
75%
ni
75%
plus
75%
quoi
75%
Sans
75%
Tout
75%
au
67%
importe
67%
les
67%
Or
67%
sera
67%
sous
67%
va
67%
aimais
58%
attends
58%
corps
58%
en
58%
fais
58%
foi
58%
mon
58%
oublier
58%
photo
58%
photomaton
58%
Quand
58%
rien
58%
sais
58%
sois
58%
suffit
58%
vie
58%
amours
50%
Be-
50%
danse
50%
Be-
50%
fortune
50%
gardé
50%
lune
50%
près
50%
une
50%
bop
42%
cinq
42%
demande
42%
démon
42%
pieds
42%
dunes
42%
électronique
42%
fabrique
42%
fête
42%
ludiques
42%
minutes
42%
noires
42%
personne
42%
pieds
42%
préférence
42%
psychédélique
42%
balance
33%
crois
33%
encore
33%
étourdis
33%
jerk
33%
passe
33%
pistes
33%
prend
33%
raconterai
33%
Sables
33%
temps
33%
toit
33%
voir
33%
bout
25%
corde
25%
répondrai
25%
reviens
25%
Dum-
17%
ferais
17%
nouent
8%
Aucun quiz correspondant
Distribution des résultats
% des personnes avec chaque résultat
Percentile par nombre de réponses
Votre historique - résultats
Vous n’avez pas pris ce quiz